Presidentes de la República de Colombia desde el s.XX - Estadísticas

Estadísticas generales
  • Esta prueba ha sido intentada 125 veces
  • La puntuación promedio es 18 de 37
Estadísticas de respuestas
Período Partido Presidente % Correcto
2010 - 2014 Partido de la U Juan Manuel Santos
85%
2014 - 2018 Partido de la U Juan Manuel Santos
85%
2002 - 2006 Primero Colombia Álvaro Uribe Vélez
79%
2006 - 2010 Primero Colombia Álvaro Uribe Vélez
79%
1953 - 1957 Militar Gral. Gustavo Rojas Pinilla
73%
2022 - presente Colombia Humana Gustavo Petro Urrego
73%
2018 - 2022 Centro Democrático Iván Duque Márquez
71%
1998 - 2002 Conservador Andrés Pastrana Arango
58%
1994 - 1998 Liberal Ernesto Samper Pizano
58%
1974 - 1978 Liberal Alfonso López Michelsen
56%
1990 - 1994 Liberal Cesar Gaviria Trujillo
56%
1982 - 1986 Conservador Belisario Betancur Cuartas
52%
1978 - 1982 Liberal Julio Cesar Turbay
52%
1934 - 1938 Liberal Alfonso López Pumarejo
51%
1942 - 1945 Liberal Alfonso López Pumarejo
51%
1970 - 1974 Conservador Misael Pastrana Borrero
51%
1966 - 1970 Liberal Carlos Lleras Restrepo
49%
1986 - 1990 Liberal Virgilio Barco Vargas
49%
1945 - 1946 Liberal Alberto Lleras Camargo
48%
1958 - 1962 Liberal Alberto Lleras Camargo
48%
1930 - 1934 Liberal Enrique Olaya Herrera
45%
1962 - 1966 Conservador Guillermo León Valencia
42%
1922 - 1926 Conservador Pedro Nel Ospina
42%
1946 - 1950 Conservador Mariano Ospina Pérez
41%
1918 - 1921 Conservador Marco Fidel Suárez
37%
1938 - 1942 Liberal Eduardo Santos Montejo
34%
1900 - 1904 Conservador José Manuel Marroquín
34%
1914 - 1918 Conservador José Vicente Concha
30%
1926 - 1930 Conservador Miguel Abadía Méndez
30%
1910 - 1914 Unión Republicana Carlos Eugenio Restrepo
29%
1950 - 1951 Conservador Laureano Gómez Castro
29%
1951 - 1953 Conservador Roberto Urdaneta Arbelaez
29%
1909 - 1909 Conservador Jorge Holguín Mallarino
27%
1921 - 1922 Conservador Jorge Holguín Mallarino
27%
1957 - 1958 Militar Gral. Gabriel París
26%
1904 - 1909 Conservador Rafael Reyes Prieto
26%
1909 - 1910 Conservador Ramón González Valencia
23%
No se encontraron pruebas coincidentes
Distribución de puntuación
Porcentaje de gente con cada puntuación
Porcentaje por número respondido
Historial de tus puntuaciones
No has intentado esta prueba.